Devinez le Pays mystère - N°3 - Statistiques

Statistiques générales
  • Ce quiz a été pris 578 fois
  • Le résultat moyen est 4 sur 6
Statistiques - réponses
Type de quiz Réponse % Correct
Lettre H
89%
Lettre N
75%
Lettre A
69%
Lettre G
66%
Lettre A
61%
Réponse Ghana
61%
Aucun quiz correspondant
Distribution des résultats
% des personnes avec chaque résultat
Percentile par nombre de réponses
Votre historique - résultats
Vous n’avez pas pris ce quiz